000 004720000a22001930004500
999 _c49300
_d49300
001 2154
003 CO-MdFUSB
005 20170811191036.0
008 170811b xxu||||| |||| 00| 0 eng d
020 _a85-7624-022-X
040 _cCO-MdBIC
082 0 4 _a863C Q36zs
100 1 _aShemabukoro, Clovis
245 1 0 _aEl seƱor es nuestra fuerza / Clovis Shemabukoro
260 _aBrazil : Luz e Vida
300 _a18 P.
650 1 4 _aLiteratura Infanil
942 _cLGB